Comparison of Performance of the V4 Economies
Salvato in:
| Autore principale: | |
|---|---|
| Altri autori: | |
| Natura: | Capitolo di libro |
| Lingua: | inglese |
| Soggetti: | |
| Tags: |
Nessun Tag, puoi essere il primo ad aggiungerne!!
|
MARC
| LEADER | 00000nla a2200000 4500 | ||
|---|---|---|---|
| 001 | 0227418 | ||
| 005 | 20240502073740.3 | ||
| 041 | 0 | |a eng | |
| 044 | |a SK | ||
| 245 | 1 | 0 | |a Comparison of Performance of the V4 Economies |c Marek Meheš, Slavomíra Stašková |
| 500 | |a Abstrakt | ||
| 610 | 2 | 0 | |a výkonnosť ekonomiky |
| 610 | 2 | 0 | |a produkt domáci hrubý |
| 610 | 2 | 0 | |a princíp ekonomický |
| 610 | 2 | 0 | |a efektívnosť ekonomická |
| 610 | 2 | 0 | |a Vyšehradská štvorka |
| 100 | 1 | |a Meheš, Marek | |
| 700 | 1 | |a Stašková, Slavomíra, 1989- | |